Miraculous ladybug super-vilains vf - Statistiques

Statistiques générales
  • Ce quiz a été pris 170 fois
    19 depuis la dernière actualisation
  • Le résultat moyen est 63 sur 127
Statistiques - réponses
Name Réponse % Correct
Alya Césaire Lady Wifi
94%
Aurore Beauréal Climatika
88%
Ivan Bruel Cœur de Pierre
88%
Nathaniel Kurtzberg Dessinateur
88%
Roger Raincomprix Rogercop
88%
Chloé Bourgeois Antibug
82%
Nino Lahiffe Bulleur
82%
Xavier Ramier M. Pigeon
82%
Jalil Kubdel Pharaon
82%
Armand d’Argencourt Chevalier Noir
76%
Alix Kubdel Chronogirl
76%
Gabriel Agreste Collectionneur
76%
Mylène Haprèle Horrificator
76%
Sabrina Raincomprix Invisible
76%
Père Noël Pire Noël
76%
Lila Rossi Volpina
76%
Kim Chiên Dislocoeur
71%
Max Kanté Gamer
71%
Manon Chamack Marionnettiste
71%
Rose Lavillant Princesse Fragrance
71%
Queen Bee (Chloé Bourgeois) Queen Wasp
71%
Otis Césaire Animan
65%
Chat Noir (Adrien Agreste) Chat Blanc
65%
Théo Barbot Imposteur
65%
Fred Haprèle Le Mime
65%
André Bourgeois + Audrey Bourgeois Mangeamour
65%
Juleka Couffaine Reflekta
65%
Luka Couffaine Silence
65%
Claudine Kanté Startrain
65%
Audrey Bourgeois Style Queen
65%
Noel Lahiffe (du futur) Timetagger
65%
Nora Césaire Anansi
59%
Lila Rossi Caméléon
59%
Max Kanté Gamer 2.0
59%
André Glaciator
59%
Jagged Stone Guitar Vilain
59%
Penny Rolling Insaisissable
59%
Wang Cheng Kung Food
59%
André Bourgeois Maledikteur
59%
Fred Haprèle Mime
59%
Sabrina Raincomprix Miraculeur
59%
Tom Dupain Papa Garou
59%
Zoé Lee Pirkell
59%
Chloé Bourgeois Queen Banana
59%
Rena Rouge (Alya Césaire) Rena Rage
59%
Kagami Tsurugi Riposte
59%
Markov Robostus
59%
Clara Rossignol Rossignoble
59%
Ella + Etta Césaire Sapotis
59%
Roland Dupain Simplificator
59%
Ondine Syren
59%
Nadja Chamack Audimatrix
53%
Gina Bianchi Béfana
53%
Roland Dupain Boulangerix
53%
Anarka Couffaine Capitaine Hardrock
53%
Armand Doudou Vilain
53%
Sentimonstre (dormant) Festin
53%
Auguste Gigantitan
53%
Denis Damoclès Hibou Noir
53%
Tomoe Tsurugi Ikari Gozen
53%
Marc Anciel Inverso
53%
Noel Lahiffe Maître Noël
53%
Kagami Tsurugi Mensonge
53%
Nino Lahiffe + Alya Césaire Oblivio
53%
Grenouille Risque
53%
Luka Couffaine Vérité
53%
Caline Bustier Zombizou
53%
Adrien Agreste Ephémère
47%
Wang Fu Fu Furieux
47%
Placide I.T. Gorizilla
47%
Lila Rossi Infox
47%
Queen Bee (Chloé Bourgeois) Miracle Queen
47%
Vincent Asa Numéric
47%
Nathalie Sancoeur Safari
47%
Wayhem Trouble Fête
47%
Carapace (Nino Lahiffe) Carapire
41%
Olga Mendeleiev Chasseuse de Kwamis
41%
Roger Daddycop
41%
Alec Cataldi Exauceur
41%
Nino Lahiffe Larme Ultime
41%
Garçon Marchand de Sable
41%
Kagami Tsurugi Oni-Chan
41%
Phillipe Patineur
41%
Harry Clown Psycomédien
41%
Vincent Asa Révélator
41%
Thomas Astruc Animaestro
35%
Nathalie Sancoeur Catalyste
35%
Aurore Climatiqueen
35%
Jacques Grimault Jackady
35%
Kouki Kikou
35%
Majordome Armand Le Château Noir
35%
Théo Barbot Monsieur Agreste
35%
Chloé Bourgeois Penalteam
35%
Ondine Princesse Syren
35%
Sabine Cheng Qilin
35%
Marianne Lenoir Rebrousse-Temps
35%
Shirel Kurtzberg / mère de Nathaniel Redresseuse
35%
Kagami Tsurugi Riposte Prime
35%
Prem Vampigami
35%
Vivica Desperada
29%
Maya Dessinatriste
29%
Kim Chên Dismoqueur
29%
Denis Damoclès Grand Duc
29%
Amélie Graham de Vanily Lady Chaos
29%
Véronique Manipula
29%
Chloé Bourgeois Pire Que Pirkell
29%
Perrine Psiquat / Docteur Psiquat Psyconductrice
29%
Chloé Bourgeois Reine Maire
29%
Cash Roi Argent
29%
Bertrand Roi Roi du Plastique
29%
Caroline Bartlett Sublimation
29%
Tomoe Tsurugi Yaksi Gozen
29%
ADA Bugfighter
24%
Sam Couchorak
24%
Bob Roth Disque d’Or
24%
Raúl Bruel El Toro De Piedra
24%
Déborah La Fée De Beaux Rêves
24%
Caline Bustier Mademoiselle Sans-Culotte
24%
Mike Rochip (+miraculous aigle) Miraclonizer
24%
Gabriel Agreste Psycauchemardeur
24%
Lady Milly Graham de Vanily Ringmaster
24%
Mike Rochip Technolizer
24%
Bob Roth Boniac
18%
Jean Duparc Magicien Maléfique
18%
Tomoe Tsurugi Matagi Gozen
18%
Kagami Tsurugi Ryukomori
18%
Mei Shi YanLuoShi
18%
Aucun quiz correspondant
Distribution des résultats
% des personnes avec chaque résultat
Percentile par nombre de réponses
Votre historique - résultats
Vous n’avez pas pris ce quiz depuis la dernière actualisation